Origen geogrf̀ico y aceites de oliva

Detalles Bibliográficos
Autor principal: Martn̕ez Gutiřrez, ℓngel
Formato: eBook
Lenguaje:español
Publicado: Madrid: Marcial Pons, 2021
Materias:
Acceso en línea:Acceso restringido

MARC

LEADER 00000nam a22000007a 4500
005 20220418205936.0
007 cr|||| ||||
008 220418s2021 es |||||s|||| 00||0 spa d
020 |a 978-84-1381-103-1 
035 |a 33669 
040 |a vLex 
090 |c 13186  |d 13186 
100 1 |a Martn̕ez Gutiřrez, ℓngel 
245 1 0 |a Origen geogrf̀ico y aceites de oliva  |h [Recurso electrn̤ico] /  |c ℓngel Martn̕ez Gutiřrez 
256 |a Servicio en ln̕ea 
260 |a Madrid:  |b Marcial Pons,  |c 2021 
300 |a 1 recurso electrn̤ico 
500 |a La presente monografa̕ examina la regulacin̤ comunitaria de la indicacin̤ del origen geogrf̀ico en el sector de los aceites de oliva que se contiene, con carc̀ter general, en el Reglamento de Ejecucin̤ (UE) nm︢. 29/2012 de la Comisin̤, de 13 de enero de 2012, sobre las normas de comercializacin̤ del aceite de oliva. Para ello, no solo se ha acudido al estudio de los antecedentes legislativos y de la escasa bibliografa̕ existente, sino tambiň a las cada vez ms̀ numerosas decisiones administrativas y judiciales que se han dictado en las l︢timas fechas sobre el particular. De especial interš para este trabajo de investigacin̤ han sido aquellas decisiones dictadas en el m̀bito marcario, al clarificar el contenido y alcance de un precepto, cuya interpretacin̤ ha distado de ser pacf̕ica desde su adopcin̤. La monografa̕ finaliza con un anl̀isis de la normativa que disciplina la designacin̤ de la procedencia geogrf̀ica de los aceites de oliva usados como ingredientes de un alimento compuesto, diferenciando no obstante un doble supuesto en razn̤ del carc̀ter protegido de aquellos mediante figura de calidad. 
506 1 |a Disponible solo en los productos indicados  |d vLex Global  |d vLex Global (Academic Edition, excluding Law Schools)  |d vLex Global (U.S. Academic Edition, Law Schools)  |d vLex Global (U.S. Academic Edition, excluding Law Schools)  |d vLex Global (Academic Edition, Law Schools) 
650 0 4 |a Propiedad Industrial  |z Espaą 
650 0 4 |a Derecho Pb︢lico y Administrativo  |z Espaą 
650 0 4 |a Actividad Administrativa  |z Espaą 
650 0 4 |a Derecho Comunitario  |z Espaą 
740 0 |a vLex Libros (Servicio en ln̕ea) 
856 4 0 |u https://app.vlex.com/#/sources/33669  |z Acceso restringido 
942 |c BOOK 
999 0 |a Industrial Property 
999 0 |a Public and Administrative Law 
999 0 |a Administrative Activity 
999 0 |a Community Law